00471nam a22001577a 4500020001800000082002500018100001400043245008900057260004200146300001000188650002800198650003200226650001400258650002600272650001500298 a9789355495167 aM 894.812 092bIND/N aIndumenon aNjanoru pavam guitaralle enthinanu neeyenne kattarakondu meettunnathu/cby Indumenon aKozhikode:bMathrubhumi books,c2022. a296p. aAutobiography Indumenon aBiography Malayalam Writers aBiography aLiterature Malayalam  aLiterature